Movies Quiz

Random Movies or Clickable Quiz

Right Movie, Wrong Characters Quiz Stats

Quiz Updated Sep 21, 2016

Challenge
Share
Tweet
Embed
Score 0/15 Timer 05:00
2 Plays Today
% Correct
Black Swan
86.1%
Zombieland
81.1%
Pulp Fiction
78.7%
Lost in Translation
77.4%
The Fifth Element
76.6%
GoodFellas
74.7%
Mad Max: Fury Road
74.7%
Birdman
71.6%
% Correct
The Big Lebowski
71%
Enchanted
69.3%
Foxcatcher
69.2%
City Slickers
65.1%
The Princess Bride
62.9%
Holes
62.2%
Midnight Special
43.1%

You're not logged in!

Compare scores with friends on all Sporcle quizzes.
Sign Up with Email
OR
Log In

You Might Also Like...

Show Comments

Extras

Top Quizzes Today


Score Distribution

Your Account Isn't Verified!

In order to create a playlist on Sporcle, you need to verify the email address you used during registration. Go to your Sporcle Settings to finish the process.